Barbarella/ Dejah Thoris /

From opposite ends of time, two heroines unite for an otherworldly adventure! Barbarella, the siren of space, meets Dejah Thoris, Princess of Barsoom, and together they must solve a murder mystery that spans time and space in order to find their way home. Leah Williams (Adventure Time Comics, Ag...

Full description

Bibliographic Details
Corporate Author: Library Pass, LLC
Other Authors: Williams, Leah (writer.)
Format: eBook
Language:English
Published: [United States] : Dynamite, 2019.
Subjects:
Online Access:Connect to this electronic book (First time users create your free account)

MARC

Tag First Indicator Second Indicator Subfields
LEADER 00000nmm a22000001a 4500
001 in00004611368
006 m|||||o||m||||||||
007 cr|cn |||uuuuu
008 221118s2019 xxu||||eo|||| ||||||eng d
005 20221207213603.0
035 |a (TxWaIVM)IV76964DyBa 
040 |a TxWaIVM  |c TxWaIVM 
245 0 0 |a Barbarella/ Dejah Thoris /  |c powered by Library Pass. 
260 3 |a [United States] :  |b Dynamite,  |c 2019. 
300 |a 1 online resource. 
336 |a text  |b txt  |2 rdacontent 
337 |a computer  |b c  |2 rdamedia 
338 |a online resource  |b cr  |2 rdacarrier 
520 |a From opposite ends of time, two heroines unite for an otherworldly adventure! Barbarella, the siren of space, meets Dejah Thoris, Princess of Barsoom, and together they must solve a murder mystery that spans time and space in order to find their way home. Leah Williams (Adventure Time Comics, Age of X-Man: X-Tremists) teams with German Garcia (Action Comics, X-men) for a fun, deadly, mind-bending epic! 
521 |a 3 
538 |a Requires a valid library card and registration for new users. 
538 |a Mode of access: World Wide Web. 
538 |a System requirements: Flash 10.1 or higher, Windows XP and higher, Internet Explorer 7 and higher, Firefox 3.6 and higher, Google Chrome; Max OS 10.5 and higher, Safari 4 and higher. 
650 0 |a Comic books, strips, etc. 
655 7 |a Electronic books.  |2 local 
655 7 |a Comic books, strips, etc.  |2 gsafd 
650 0 |a Motion pictures and comic books 
655 7 |a Motion pictures and comic books  |2 gsafd 
650 0 |a Comic books, strips, etc. --Women 
655 7 |a Comic books, strips, etc. --Women  |2 gsafd 
650 0 |a Literary 
655 7 |a Literary  |2 gsafd 
650 0 |a Underground comic books, strips, etc. 
655 7 |a Underground comic books, strips, etc.  |2 gsafd 
650 0 |a Erotic comic books, strips, etc. 
655 7 |a Erotic comic books, strips, etc.  |2 gsafd 
650 0 |a Science fiction comic books, strips, etc. 
655 7 |a Science fiction comic books, strips, etc.  |2 gsafd 
700 1 |a Williams, Leah.  |e writer. 
700 1 |a Garcia, Germán.  |e artist. 
710 2 |a Library Pass, LLC. 
856 4 0 |u http://proxy.library.tamu.edu/login?url=https://tamu.librarypass.com/product/com.iversecomics.dynamite.barbarella.dejah.thoris.english.08202019  |z Connect to this electronic book (First time users create your free account)  |t 0 
955 |a Comics Plus. 
999 f f |s f1c8d456-a45e-4076-8efa-8a538d75260c  |i 139d429e-3427-4a2b-8f75-56c9f0e3ed61  |t 0 
952 f f |a Texas A&M University  |b College Station  |c Electronic Resources  |d Available Online  |t 0  |h Library of Congress classification 
998 f f |t 0  |l Available Online